| 000 | 01700nam0a2200301 4500 | ||
|---|---|---|---|
| 001 | RU\NLR\bibl\1210963 | ||
| 005 | 20250615104622.0 | ||
| 021 |
_aRU _b2008-9802 _9547 |
||
| 035 | _a(NLR Aleph) 001197388 | ||
| 090 |
_a1755583 _c1755583 |
||
| 100 | _a20080404d2007 |||y0rusy50 ca | ||
| 101 | 0 | _arus | |
| 102 | _aRU | ||
| 105 | _aa ||||||||| | ||
| 200 | 1 |
_aИстория науки и техники. Развитие транспортного строительства _eучебное пособие _eдля студентов, обучающихся по специальностям "Автомобильные дороги" (270201), "Мосты и транспортные тоннели" (270205) _fЛ.С. Устинова, В.Н. Шевченко _gФедер. агентство по образованию, Гос. образоват. учреждение высш. проф. образования, Воронеж. гос. архит.-строит. ун-т |
|
| 210 |
_aВоронеж _cВГАСУ _d2007 |
||
| 215 |
_a115 с. _cил. _d21 |
||
| 320 | _aБиблиогр.: с. 90-91 (38 назв.) | ||
| 517 | 0 | _aРазвитие транспортого строительства | |
| 606 | 1 |
_aДорожное строительство _jУчебные издания для высших учебных заведений _xИстория _91122680 _3RU\NLR\auth\66445086 |
|
| 686 | _aО311г.я73-1 | ||
| 700 | 1 |
_aУстинова _bЛ. С. _gЛюдмила Серафимовна _4070 |
|
| 701 | 1 |
_aШевченко _bВ. Н. _gВера Николаевна _4070 |
|
| 801 | 0 |
_aRU _bNLR _c20080404 _gRCR |
|
| 801 | 1 |
_aRU _bNLR _c20080404 |
|
| 942 | _cBOOK | ||
| 980 | _aNB | ||